[Event "RUS-ch Rapid Men 2018"]
[Site "Sochi"]
[Date "2018.10.06"]
[Round "6"]
[White "Alekseev, Evgeny"]
[Black "Moiseenko, Vadim"]
[Result "1-0"]
[WhiteElo "2620"]
[BlackElo "2492"]
[Annotator "RC"]
[PlyCount "107"]
[EventDate "2018.10.05"]
[EventType "swiss"]
[EventCountry "RUS"]
[SourceTitle "playchess.com"]
[Source "ChessBase"]
[SourceQuality "1"]
[TimeControl "900+10"]

1. e4 {[%emt 0:00:00]} e5 {[%emt 0:00:01]} 2. Nf3 {[%emt 0:00:00]} Nc6 {[%emt 0:00:02]} 3. Bc4 {[%emt 0:00:07]} Nf6 {[%emt 0:00:04]} 4. d3 {[%emt 0:00:02]} h6 {[%emt 0:00:13]} 5. O-O {[%emt 0:00:17]} d6 {[%emt 0:00:07]} 6. c3 {[%emt 0:00:07]} g5 {[%emt 0:00:02]} 7. a4 {[%emt 0:01:29]} Bd7 {[%emt 0:01:00]} 8. b4 {[%emt 0:00:56]} a6 {[%emt 0:00:33]} 9. Na3 {[%emt 0:00:27]} g4 {[%emt 0:01:25]} 10. Ne1 {[%emt 0:00:12]} h5 {[%emt 0:00:06]} 11. f4 {[%emt 0:01:46]} Bh6 {[%emt 0:00:18]} 12. Nec2 {[%emt 0:01:13]} Qe7 {[%emt 0:00:12]} 13. Bb3 {[%emt 0:00:44]} g3 {[%emt 0:00:46]} 14. h3 {[%emt 0:00:19]} Ng4 {[%emt 0:00:07]} 15. fxe5 {[%emt 0:00:26]} Ncxe5 {[%emt 0:00:16]} 16. Bxh6 {[%emt 0:01:03]} Rxh6 {[%emt 0:00:13]} 17. Qd2 {[%emt 0:00:09]} Rf6 {[%emt 0:02:53]} 18. Rxf6 {[%emt 0:01:04]} Qxf6 {[%emt 0:00:02]} 19. d4 {[%emt 0:02:46]} Nf3+ {[%emt 0:00:29]} 20. gxf3 {[%emt 0:00:02]} Nf2 {[%emt 0:00:01]} 21. Rf1 {[%emt 0:00:07]} Nxh3+ {[%emt 0:01:36]} 22. Kg2 {[%emt 0:00:01]} Nf4+ {[%emt 0:00:26]} 23. Kxg3 {[%emt 0:00:02]} O-O-O {[%emt 0:00:02]} 24. Kf2 {[%emt 0:01:41]} Rg8 {[%emt 0:00:07]} 25. Ne1 {[%emt 0:00:21]} h4 {[%emt 0:02:04]} 26. Nc4 {[%emt 0:00:59]} h3 {[%emt 0:00:10]} 27. Rg1 {[%emt 0:01:51]} Rh8 {[%emt 0:02:57]} 28. Rh1 {[%emt 0:00:14]} Qg5 {[%emt 0:01:17]} 29. Ne3 {[%emt 0:01:01]} h2 {[%emt 0:00:44]} 30. N3g2 {[%emt 0:00:15]} Nh3+ {[%emt 0:00:13]} 31. Ke2 {[%emt 0:00:01]} Qg3 {[%emt 0:00:02]} 32. Qe3 {[%emt 0:00:02]} f5 {[%emt 0:00:20]} 33. f4 {[%emt 0:00:11]} Ng1+ {[%emt 0:00:57]} 34. Kd2 {[%emt 0:00:01]} Qg4 {[%emt 0:00:01]} 35. e5 {[%emt 0:00:17]} Rh3 {[%emt 0:00:03]} 36. Qf2 {[%emt 0:00:22]} dxe5 {[%emt 0:00:45]} 37. fxe5 {[%emt 0:00:18]} Qe4 {[%emt 0:00:23]} 38. Bc2 Qd5 {[%emt 0:00:10]} 39. Nd3 {[%emt 0:00:25]} Qa2 {[%emt 0:00:08]} 40. Ndf4 {[%emt 0:00:07]} Bxa4 {[%emt 0:00:04]} 41. Ne1 {[%emt 0:00:08]} Nf3+ {[%emt 0:00:10]} 42. Ke3 {[%emt 0:00:04]} Nxe1+ {[%emt 0:00:09]} 43. Nxh3 {[%emt 0:00:03]} Nxc2+ {[%emt 0:00:01]} 44. Kf4 {[%emt 0:00:07]} Qd5 {[%emt 0:00:02]} 45. Rxh2 {[%emt 0:00:13]} Qe4+ {[%emt 0:00:01]} 46. Kg5 {[%emt 0:00:01]} Qg4+ {[%emt 0:00:05]} 47. Kf6 {[%emt 0:00:02]} Kb8 {[%emt 0:00:24]} 48. Ng5 {[%emt 0:00:08]} f4 {[%emt 0:00:07]} 49. Qh4 {[%emt 0:00:24]} Qd7 {[%emt 0:00:09]} 50. Qh8+ {[%emt 0:00:06]} Ka7 {[%emt 0:00:01]} 51. e6 {[%emt 0:00:03]} Qc6 {[%emt 0:00:05]} 52. Rxc2 {[%emt 0:00:36]} Bxc2 {[%emt 0:00:03]} 53. Qh2 {[%emt 0:00:02]} f3 {[%emt 0:00:14]} 54. Qxc2 {[%emt 0:00:03]} 1-0

[Event "RUS-ch Rapid Men 2018"]
[Site "Sochi"]
[Date "2018.10.06"]
[Round "6"]
[White "Kobalia, Mikhail"]
[Black "Linker, Mikhail"]
[Result "1-0"]
[WhiteElo "2620"]
[BlackElo "2269"]
[Annotator "TA"]
[PlyCount "63"]
[EventDate "2018.10.05"]
[EventType "swiss"]
[EventCountry "RUS"]
[SourceTitle "playchess.com"]
[Source "ChessBase"]
[SourceQuality "1"]

{[%evp 24,63,18,12,65,58,67,63,70,77,74,68,75,75,75,67,64,39,110,102,131,141,157,146,165,164,168,153,154,159,209,196,199,193,570,570,543,501,29999,5339,5231,5231]} 1. e4 e5 2. Nf3 Nc6 3. Bb5 a6 4. Ba4 Nf6 5. O-O b5 6. Bb3 Be7 7. d3 O-O 8. Nc3 d6 9. a3 Bg4 10. Be3 Nd4 {C84: Closed Ruy Lopez: Unusual White 6th moves} 11. Bxd4 exd4 12. Nd5 c5 (12... Nxd5 13. Bxd5 Rc8 14. a4 c6 15. Bb3 d5 16. h3 Bh5 17. axb5 axb5 18. exd5 {1-0 (47) Karjakin,S (2782)-Aronian,L (2764) Paris 2018}) 13. h3 {LiveBook: 14 Games} Bxf3 (13... Bd7 $11) 14. Qxf3 $14 Nxd5 15. Bxd5 Rb8 $146 ({Predecessor:} 15... Ra7 16. a4 Qc7 17. b3 Bf6 18. Ra2 {½-½ (33) Nguyen,T (2171)-Horak,A (1977) Teplice 2013}) 16. a4 b4 17. a5 Rb5 18. Bc4 $36 {[%mdl 2048] Keeping Black busy.} Rxa5 19. Rae1 Bf6 20. Qg4 b3 (20... Qa8 $14) 21. cxb3 $16 Ra2 {[#]} 22. Re2 $1 g6 {[#]} 23. b4 $1 {[%mdl 512]} Ra4 (23... cxb4 24. Bxa2) 24. bxc5 dxc5 25. e5 Bg7 26. f4 Re8 27. e6 fxe6 28. Rxe6 Rxe6 $2 (28... Kh8 {is a better chance.} 29. Qg5 Rf8 30. Qxc5 Ra5) 29. Qxe6+ $18 ({Not} 29. Bxe6+ Kh8 $16) 29... Kh8 {Black hopes to continue with ...Rb4.} 30. Re1 {Strongly threatening Qf7.} Qf6 (30... Rxc4 $18 31. Qxc4 Qf8 32. Qxa6 Kg8 33. Qc4+ Kh8) 31. Qe8+ (31. Qg8# $142) 31... Bf8 32. Qxa4 {Precision: White = 89%, Black = 28%.} 1-0

[Event "RUS-ch Rapid Men 2018"]
[Site "Sochi"]
[Date "2018.10.06"]
[Round "6"]
[White "Gordievsky, Dmitry"]
[Black "Rakhmanov, Aleksandr"]
[Result "1/2-1/2"]
[WhiteElo "2615"]
[BlackElo "2634"]
[Annotator "TA"]
[PlyCount "108"]
[EventDate "2018.10.05"]
[EventType "swiss"]
[EventCountry "RUS"]
[SourceTitle "playchess.com"]
[Source "ChessBase"]
[SourceQuality "1"]

{[%evp 9,108,21,27,24,37,33,45,35,37,31,28,23,37,34,35,35,36,14,29,18,81,68,64,41,57,41,49,23,45,24,20,19,29,10,22,25,87,42,75,61,76,65,48,50,50,56,79,54,85,47,49,37,41,51,66,34,39,39,38,29,29,37,35,29,38,38,36,25,25,25,25,0,40,40,40,31,31,31,53,31,29,22,22,22,22,22,22,22,29,0,0,0,0,0,0,0,0,0,0,0,0]} 1. Nf3 Nf6 2. c4 b6 3. g3 Bb7 4. Bg2 g6 5. d4 e6 6. Qc2 {E16: Queen's Indian: 4 g3 Bb7 5 Bg2 Bb4+} Be4 7. Qa4 Bc6 8. Qb3 {White is slightly better.} Bg7 9. Nc3 O-O 10. d5 exd5 11. cxd5 Bb7 12. O-O Na6 13. Rd1 Nc5 14. Qc2 Re8 $146 {[#]} (14... c6 $11) ({Predecessor:} 14... a5 15. Nd4 {0-1 (50) Vidit,S (2673)-Colovic,A (2443) chess.com INT 2017}) 15. Nd4 $1 $16 a5 16. Ndb5 d6 17. Rb1 Qd7 18. Nd4 Qe7 19. b3 Nce4 20. Nxe4 Nxe4 21. f3 Nc5 22. e4 Rac8 (22... Bc8 $11) 23. Bb2 c6 24. dxc6 Bxc6 25. Nxc6 Rxc6 26. Bxg7 Kxg7 27. Bf1 {[#] aiming for Bb5.} Rc7 28. Qd2 Rd8 29. Bc4 (29. Qd4+ {looks sharper.} f6 30. Rd2 Rc6 31. Bc4 Nd7 32. f4) 29... Qf6 30. Qd4 Qxd4+ 31. Rxd4 Ne6 32. Rd5 (32. Rd2 {is interesting.} Kf6 33. a4 Ke7 34. Kf2 Nc5 35. Rd4) 32... Rc5 33. Rbd1 Rxd5 34. Bxd5 $14 {[%mdl 4096] Endgame KRB-KRN} Kf6 35. Rc1 Nc5 36. Kf1 Rd7 37. Ke2 Rc7 38. a3 Ne6 39. Rxc7 Nxc7 $11 {KB-KN} 40. Bc6 g5 41. Ke3 Ke5 42. f4+ gxf4+ 43. gxf4+ Kf6 44. Kd4 Ke7 45. b4 axb4 46. axb4 Ne6+ 47. Ke3 Kf6 48. Bd5 h6 49. Bxe6 fxe6 {KP-KP. The position is equal.} 50. Kd4 h5 51. h4 Kg6 52. Kc4 Kf6 53. Kd4 Kg6 54. Kc4 Kf6 {Precision: White = 50%, Black = 62%.} 1/2-1/2

[Event "RUS-ch Rapid Men 2018"]
[Site "Sochi"]
[Date "2018.10.06"]
[Round "6"]
[White "Esipenko, Andrey"]
[Black "Alekseenko, Kirill"]
[Result "1/2-1/2"]
[WhiteElo "2609"]
[BlackElo "2639"]
[Annotator "TA"]
[PlyCount "45"]
[EventDate "2018.10.05"]
[EventType "swiss"]
[EventCountry "RUS"]
[SourceTitle "playchess.com"]
[Source "ChessBase"]
[SourceQuality "1"]

{[%evp 15,45,0,0,-6,-4,-4,0,0,5,0,0,0,0,0,0,0,0,0,0,0,0,0,0,0,0,0,0,0,0,0,0,0]} 1. d4 d5 2. Nf3 Nf6 3. Bf4 c5 4. e3 Nc6 5. Nbd2 e6 6. c3 Bd6 7. Bg3 O-O 8. Bd3 b6 {The position is equal.} 9. Qe2 {D02: 1 d4 d5 2 Nf3 sidelines, including 2...Nf6 3 g3 and 2...Nf6 3 Bf4} (9. e4 Be7 10. e5 Nh5 11. Nf1 cxd4 12. Nxd4 Nxd4 13. cxd4 g6 14. Ne3 f5 15. exf6 Bxf6 16. Be2 Nxg3 17. hxg3 {½-½ (37) Nakamura,H (2787)-Svidler,P (2760) Moscow 2018}) 9... Bb7 10. Rd1 Re8 11. e4 {aiming for e5.} Be7 12. e5 Nh5 13. h4 {[%cal Bh2h4,Bh4h5][%mdl 32]} Nxg3 14. fxg3 {[#]} Rf8 $146 ({Predecessor:} 14... g6 15. g4 cxd4 16. cxd4 f6 {½-½ (29) Shubin,K (2317)-Shevchenko,K (2569) Kirishi 2018}) 15. Bxh7+ Kxh7 16. Ng5+ $1 Kh6 $1 {[%cal Bh7h6,Bh6g7,Bg7h8,Bh8g8][%mdl 32]} 17. Qd3 {[%csl Gg5][%cal Rd3h7]} g6 {[#] Threatens to win with ...cxd4.} 18. h5 $1 {[%mdl 512] Threatening mate with Nxf7+!} Kg7 {[#]} (18... gxh5 19. Qh7+) 19. Nxe6+ $1 {[%mdl 512]} fxe6 20. Qxg6+ Kh8 {...Qe8 is the strong threat.} 21. Qh6+ Kg8 22. Qg6+ Kh8 {Hoping for ...Qe8.} 23. Qh6+ 1/2-1/2

[Event "RUS-ch Rapid Men 2018"]
[Site "Sochi"]
[Date "2018.10.06"]
[Round "6"]
[White "Kryakvin, Dmitry"]
[Black "Smirnov, Timofey"]
[Result "1/2-1/2"]
[WhiteElo "2595"]
[BlackElo "2332"]
[Annotator "RC"]
[PlyCount "140"]
[EventDate "2018.10.05"]
[EventType "swiss"]
[EventCountry "RUS"]
[SourceTitle "playchess.com"]
[Source "ChessBase"]
[SourceQuality "1"]
[TimeControl "900+10"]

1. d4 {[%emt 0:00:00]} d5 {[%emt 0:00:00]} 2. c4 {[%emt 0:00:00]} c6 {[%emt 0:00:00]} 3. cxd5 {[%emt 0:00:00]} cxd5 {[%emt 0:00:00]} 4. Bg5 {[%emt 0:00:00]} Qb6 {[%emt 0:00:23]} 5. Qd2 {[%emt 0:00:34]} Nc6 {[%emt 0:00:13]} 6. Nc3 {[%emt 0:00:22]} e6 {[%emt 0:00:20]} 7. e3 {[%emt 0:00:11]} Bd6 {[%emt 0:00:22]} 8. Bd3 {[%emt 0:00:13]} Nge7 {[%emt 0:00:38]} 9. Nge2 {[%emt 0:00:11]} Bd7 {[%emt 0:00:52]} 10. Rc1 {[%emt 0:00:04]} O-O {[%emt 0:01:19]} 11. Bf4 {[%emt 0:00:18]} Bxf4 {[%emt 0:00:46]} 12. Nxf4 {[%emt 0:00:02]} Rfc8 {[%emt 0:01:47]} 13. O-O {[%emt 0:00:05]} Na5 {[%emt 0:00:32]} 14. b3 {[%emt 0:00:23]} Rc7 {[%emt 0:00:14]} 15. Bb1 {[%emt 0:01:52]} Rac8 {[%emt 0:00:49]} 16. Nd3 {[%emt 0:00:03]} Qd6 {[%emt 0:00:59]} 17. Nc5 {[%emt 0:01:14]} Be8 {[%emt 0:00:56]} 18. Bd3 {[%emt 0:04:26]} e5 {[%emt 0:02:27]} 19. Rfe1 {[%emt 0:00:18]} e4 {[%emt 0:00:43]} 20. Bf1 {[%emt 0:00:17]} b6 {[%emt 0:01:00]} 21. Na6 {[%emt 0:00:27]} Rb7 {[%emt 0:00:01]} 22. Nb5 {[%emt 0:00:44]} Qd8 {[%emt 0:00:29]} 23. Rxc8 {[%emt 0:00:42]} Nxc8 {[%emt 0:00:01]} 24. Rc1 {[%emt 0:00:02]} Nc6 {[%emt 0:00:52]} 25. g3 {[%emt 0:01:18]} g6 {[%emt 0:00:07]} 26. Nb4 {[%emt 0:00:40]} N8e7 {[%emt 0:00:59]} 27. Nxc6 {[%emt 0:00:33]} Bxc6 {[%emt 0:00:44]} 28. Qb4 {[%emt 0:00:19]} Qd7 {[%emt 0:00:11]} 29. a4 {[%emt 0:00:17]} a5 {[%emt 0:01:30]} 30. Qc3 {[%emt 0:00:37]} Rb8 {[%emt 0:00:01]} 31. b4 {[%emt 0:00:19]} Rc8 {[%emt 0:00:25]} 32. Qd2 {[%emt 0:00:28]} axb4 {[%emt 0:00:28]} 33. Qxb4 {[%emt 0:00:19]} Bxb5 {[%emt 0:00:01]} 34. Rxc8+ {[%emt 0:00:04]} Nxc8 {[%emt 0:00:02]} 35. Bxb5 {[%emt 0:00:13]} Qc7 {[%emt 0:00:01]} 36. Qb3 {[%emt 0:00:36]} Ne7 {[%emt 0:00:06]} 37. Kg2 {[%emt 0:00:25]} Kg7 {[%emt 0:00:14]} 38. Be2 {[%emt 0:00:16]} Qc6 {[%emt 0:00:16]} 39. Qb4 {[%emt 0:00:54]} Kf6 {[%emt 0:00:01]} 40. g4 {[%emt 0:00:10]} h6 {[%emt 0:00:12]} 41. h4 {[%emt 0:00:06]} Ke6 {[%emt 0:00:11]} 42. a5 {[%emt 0:00:30]} bxa5 {[%emt 0:00:10]} 43. Qxa5 {[%emt 0:00:01]} f5 {[%emt 0:00:35]} 44. h5 {[%emt 0:00:17]} fxg4 {[%emt 0:00:12]} 45. Bxg4+ {[%emt 0:00:01]} Kf7 {[%emt 0:00:02]} 46. Qd8 {[%emt 0:00:11]} Qf6 {[%emt 0:00:02]} 47. Qd7 {[%emt 0:00:09]} gxh5 {[%emt 0:00:21]} 48. Bxh5+ {[%emt 0:00:02]} Kg7 {[%emt 0:00:02]} 49. Kf1 {[%emt 0:00:16]} Qa6+ {[%emt 0:00:16]} 50. Be2 {[%emt 0:00:02]} Qf6 {[%emt 0:00:03]} 51. Ke1 {[%emt 0:00:15]} Kf8 {[%emt 0:00:05]} 52. Bb5 {[%emt 0:00:12]} Kf7 {[%emt 0:00:11]} 53. Be2 {[%emt 0:00:06]} Qc6 {[%emt 0:00:19]} 54. Qh3 {[%emt 0:00:36]} Qf6 {[%emt 0:00:17]} 55. Bh5+ {[%emt 0:00:06]} Kg7 {[%emt 0:00:01]} 56. Qd7 {[%emt 0:00:01]} Kf8 {[%emt 0:00:06]} 57. Bd1 {[%emt 0:00:40]} Qc6 {[%emt 0:00:10]} 58. Qd8+ {[%emt 0:00:11]} Qe8 {[%emt 0:00:05]} 59. Qc7 {[%emt 0:00:04]} Qc6 {[%emt 0:00:07]} 60. Qb8+ {[%emt 0:00:04]} Kg7 {[%emt 0:00:21]} 61. Qe5+ {[%emt 0:00:17]} Qf6 {[%emt 0:00:05]} 62. Qc7 {[%emt 0:00:00]} Kf8 {[%emt 0:00:16]} 63. Bh5 {[%emt 0:00:08]} Qg5 {[%emt 0:00:16]} 64. Qd8+ {[%emt 0:00:18]} Kg7 {[%emt 0:00:01]} 65. Be2 {[%emt 0:00:15]} Kf7 {[%emt 0:00:16]} 66. Kd2 {[%emt 0:00:26]} Qf5 {[%emt 0:00:14]} 67. Qh8 {[%emt 0:00:20]} Qf6 {[%emt 0:00:09]} 68. Bh5+ {[%emt 0:00:21]} Ke6 {[%emt 0:00:01]} 69. Bg4+ {[%emt 0:00:07]} Kf7 {[%emt 0:00:05]} 70. Bh5+ {[%emt 0:00:11]} Ke6 {[%emt 0:00:01]} 1/2-1/2

[Event "RUS-ch Rapid Men 2018"]
[Site "Sochi"]
[Date "2018.10.06"]
[Round "6"]
[White "Pridorozhni, Aleksei"]
[Black "Ozgibcev, Anatoly"]
[Result "1-0"]
[WhiteElo "2574"]
[BlackElo "2368"]
[Annotator "ChessBase"]
[PlyCount "97"]
[EventDate "2018.10.05"]
[EventType "swiss"]
[EventCountry "RUS"]
[SourceTitle "playchess.com"]
[Source "ChessBase"]
[SourceQuality "1"]
[TimeControl "900+10"]

1. e4 {[%emt 0:00:00]} d5 {[%emt 0:00:00]} 2. exd5 {[%emt 0:00:01]} Nf6 {[%emt 0:00:00]} 3. d4 {[%emt 0:00:14]} Bg4 {[%emt 0:00:03]} 4. Nf3 {[%emt 0:00:22]} Qxd5 {[%emt 0:00:09]} 5. Be2 {[%emt 0:00:02]} e6 {[%emt 0:01:05]} 6. h3 {[%emt 0:00:14]} Bh5 {[%emt 0:00:07]} 7. Nc3 {[%emt 0:00:05]} Qd6 {[%emt 0:00:22]} 8. O-O {[%emt 0:00:14]} Nc6 {[%emt 0:00:22]} 9. Nb5 {[%emt 0:00:48]} Qd7 {[%emt 0:01:21]} 10. Ne5 {[%emt 0:00:16]} Nxe5 {[%emt 0:00:23]} 11. dxe5 {[%emt 0:00:05]} Bxe2 {[%emt 0:00:05]} 12. Qxe2 {[%emt 0:00:02]} Nd5 {[%emt 0:00:16]} 13. c4 {[%emt 0:01:27]} Nb6 {[%emt 0:01:10]} 14. Rd1 {[%emt 0:01:12]} Qc6 {[%emt 0:00:24]} 15. b3 {[%emt 0:00:02]} Nd7 {[%emt 0:01:39]} 16. Bg5 {[%emt 0:05:32]} h6 {[%emt 0:00:50]} 17. Bh4 {[%emt 0:00:01]} g5 {[%emt 0:00:25]} 18. Bg3 {[%emt 0:00:02]} Bg7 {[%emt 0:01:12]} 19. b4 {[%emt 0:01:18]} a5 {[%emt 0:01:00]} 20. Nd4 {[%emt 0:00:11]} Qa6 {[%emt 0:00:31]} 21. b5 {[%emt 0:01:20]} Qb6 {[%emt 0:00:12]} 22. Kh1 {[%emt 0:00:16]} Qc5 {[%emt 0:01:17]} 23. Nb3 {[%emt 0:01:08]} Qe7 {[%emt 0:00:35]} 24. a4 {[%emt 0:00:02]} O-O {[%emt 0:00:20]} 25. f4 {[%emt 0:00:04]} Rfd8 {[%emt 0:00:26]} 26. Qe4 {[%emt 0:00:38]} Nc5 {[%emt 0:01:12]} 27. Nxc5 {[%emt 0:00:13]} Qxc5 {[%emt 0:00:08]} 28. fxg5 {[%emt 0:00:04]} hxg5 {[%emt 0:00:19]} 29. Qg4 {[%emt 0:00:12]} Qe3 {[%emt 0:00:55]} 30. Re1 {[%emt 0:00:14]} Qd2 {[%emt 0:00:10]} 31. Rad1 {[%emt 0:00:08]} Qc2 {[%emt 0:00:04]} 32. Rxd8+ {[%emt 0:00:44]} Rxd8 {[%emt 0:00:01]} 33. Qxg5 {[%emt 0:00:03]} Rd3 {[%emt 0:00:54]} 34. Qg4 {[%emt 0:00:25]} Qxa4 {[%emt 0:01:19]} 35. Bh4 {[%emt 0:00:03]} Qb4 {[%emt 0:00:10]} 36. Rf1 {[%emt 0:00:09]} a4 {[%emt 0:00:23]} 37. Bf6 {[%emt 0:00:02]} Qf8 {[%emt 0:00:01]} 38. Qe4 {[%emt 0:00:27]} Rg3 {[%emt 0:00:15]} 39. Kh2 {[%emt 0:00:06]} Rg6 {[%emt 0:00:05]} 40. Qxb7 {[%emt 0:00:39]} Bxf6 {[%emt 0:00:09]} 41. exf6 {[%emt 0:00:05]} Qd6+ {[%emt 0:00:17]} 42. Kh1 {[%emt 0:00:02]} a3 {[%emt 0:00:23]} 43. Qa8+ {[%emt 0:01:10]} Kh7 {[%emt 0:00:31]} 44. Qe8 {[%emt 0:00:47]} Qd2 {[%emt 0:00:34]} 45. Qxf7+ {[%emt 0:00:09]} Kh6 {[%emt 0:00:01]} 46. Qf8+ {[%emt 0:00:13]} Kh7 {[%emt 0:00:01]} 47. Qf7+ {[%emt 0:00:07]} Kh6 {[%emt 0:00:01]} 48. Qxg6+ {[%emt 0:00:05]} Kxg6 {[%emt 0:00:02]} 49. f7 {[%emt 0:00:01]} 1-0

[Event "RUS-ch Rapid Men 2018"]
[Site "Sochi"]
[Date "2018.10.06"]
[Round "6"]
[White "Rozum, Ivan"]
[Black "Smagin, Sergey"]
[Result "1/2-1/2"]
[WhiteElo "2573"]
[BlackElo "2551"]
[Annotator "ChessBase"]
[PlyCount "78"]
[EventDate "2018.10.05"]
[EventType "swiss"]
[EventCountry "RUS"]
[SourceTitle "playchess.com"]
[Source "ChessBase"]
[SourceQuality "1"]
[TimeControl "900+10"]

1. d4 {[%emt 0:00:00]} d5 {[%emt 0:00:00]} 2. c4 {[%emt 0:00:00]} e6 {[%emt 0:00:00]} 3. Nf3 {[%emt 0:00:13]} Nd7 {[%emt 0:00:00]} 4. Nbd2 {[%emt 0:00:20]} Ngf6 {[%emt 0:00:10]} 5. g3 {[%emt 0:00:01]} b6 {[%emt 0:00:32]} 6. Bg2 {[%emt 0:00:02]} Bb7 {[%emt 0:00:00]} 7. O-O {[%emt 0:00:05]} Be7 {[%emt 0:00:03]} 8. cxd5 {[%emt 0:00:28]} exd5 {[%emt 0:00:02]} 9. b3 {[%emt 0:01:30]} O-O {[%emt 0:00:03]} 10. Bb2 {[%emt 0:00:01]} Re8 {[%emt 0:00:33]} 11. Rc1 {[%emt 0:00:04]} Bd6 {[%emt 0:01:17]} 12. e3 {[%emt 0:00:25]} a5 {[%emt 0:02:01]} 13. a4 {[%emt 0:00:37]} Bb4 {[%emt 0:01:13]} 14. Ne5 {[%emt 0:02:35]} Nxe5 {[%emt 0:02:54]} 15. dxe5 {[%emt 0:00:02]} Nd7 {[%emt 0:00:02]} 16. Nf3 {[%emt 0:01:31]} Ba6 {[%emt 0:01:11]} 17. Qxd5 {[%emt 0:00:23]} Nc5 {[%emt 0:00:44]} 18. Nd4 {[%emt 0:05:15]} Bxf1 {[%emt 0:04:01]} 19. Qxa8 {[%emt 0:00:12]} Bxg2 {[%emt 0:00:22]} 20. Qxg2 {[%emt 0:02:08]} Nd3 {[%emt 0:00:01]} 21. Nc6 {[%emt 0:00:06]} Qc8 {[%emt 0:01:26]} 22. Rb1 {[%emt 0:00:05]} Qf5 {[%emt 0:00:14]} 23. Nd4 {[%emt 0:02:08]} Qxe5 {[%emt 0:00:43]} 24. Ba1 {[%emt 0:00:01]} c5 {[%emt 0:00:17]} 25. Nb5 {[%emt 0:00:16]} Qe6 {[%emt 0:00:46]} 26. Nc7 {[%emt 0:00:08]} Qf5 {[%emt 0:00:33]} 27. Nxe8 {[%emt 0:00:09]} Nf4 {[%emt 0:00:04]} 28. exf4 {[%emt 0:00:27]} Qxb1+ {[%emt 0:00:01]} 29. Qf1 {[%emt 0:00:01]} Qxb3 {[%emt 0:00:01]} 30. Nxg7 {[%emt 0:00:07]} c4 {[%emt 0:00:04]} 31. Nf5 {[%emt 0:00:20]} Qxa4 {[%emt 0:00:19]} 32. Be5 {[%emt 0:00:16]} Qc2 {[%emt 0:00:08]} 33. Qh3 {[%emt 0:00:08]} Qb1+ {[%emt 0:00:05]} 34. Kg2 {[%emt 0:00:04]} Qe4+ {[%emt 0:00:01]} 35. Kg1 {[%emt 0:00:04]} Qb1+ {[%emt 0:00:02]} 36. Kg2 {[%emt 0:00:28]} Qe4+ {[%emt 0:00:01]} 37. Kg1 {[%emt 0:00:09]} Qb1+ {[%emt 0:00:01]} 38. Kg2 {[%emt 0:00:18]} Qe4+ {[%emt 0:00:02]} 39. Kg1 {[%emt 0:00:00]} Qb1+ {[%emt 0:00:02]} 1/2-1/2

[Event "RUS-ch Rapid Men 2018"]
[Site "Sochi"]
[Date "2018.10.06"]
[Round "6"]
[White "Bocharov, Ivan"]
[Black "Antipov, Mikhail Al."]
[Result "0-1"]
[WhiteElo "2563"]
[BlackElo "2593"]
[Annotator "ChessBase"]
[PlyCount "60"]
[EventDate "2018.10.05"]
[EventType "swiss"]
[EventCountry "RUS"]
[SourceTitle "playchess.com"]
[Source "ChessBase"]
[SourceQuality "1"]
[TimeControl "900+10"]

1. e4 {[%emt 0:00:00]} e6 {[%emt 0:00:00]} 2. d4 {[%emt 0:00:00]} d5 {[%emt 0:00:00]} 3. Nd2 {[%emt 0:00:00]} Be7 {[%emt 0:00:00]} 4. c3 {[%emt 0:00:53]} c5 {[%emt 0:00:15]} 5. dxc5 {[%emt 0:01:13]} Nf6 {[%emt 0:00:31]} 6. exd5 {[%emt 0:01:26]} Qxd5 {[%emt 0:01:47]} 7. Ngf3 {[%emt 0:00:14]} Qxc5 {[%emt 0:00:37]} 8. Bd3 {[%emt 0:00:14]} O-O {[%emt 0:00:21]} 9. O-O {[%emt 0:00:09]} Qc7 {[%emt 0:01:49]} 10. Ne4 {[%emt 0:00:52]} Nxe4 {[%emt 0:01:03]} 11. Bxe4 {[%emt 0:00:01]} Nd7 {[%emt 0:00:01]} 12. Bg5 {[%emt 0:00:42]} Nf6 {[%emt 0:01:26]} 13. Qe2 {[%emt 0:01:24]} Nxe4 {[%emt 0:01:32]} 14. Qxe4 {[%emt 0:00:01]} f6 {[%emt 0:00:01]} 15. Be3 {[%emt 0:00:05]} e5 {[%emt 0:00:29]} 16. Rfd1 {[%emt 0:00:34]} a5 {[%emt 0:00:58]} 17. Qd5+ {[%emt 0:05:05]} Kh8 {[%emt 0:00:17]} 18. Nd2 {[%emt 0:00:03]} Ra6 {[%emt 0:00:18]} 19. Ne4 {[%emt 0:00:21]} Rc6 {[%emt 0:00:30]} 20. Qb5 {[%emt 0:00:34]} f5 {[%emt 0:00:55]} 21. Nd2 {[%emt 0:00:53]} f4 {[%emt 0:00:25]} 22. Ba7 {[%emt 0:00:01]} Ra6 {[%emt 0:00:34]} 23. Nc4 {[%emt 0:00:35]} Rxa7 {[%emt 0:00:03]} 24. Nxe5 {[%emt 0:00:02]} Ra6 {[%emt 0:00:21]} 25. Nd7 {[%emt 0:01:02]} Rg8 {[%emt 0:00:06]} 26. Rd5 {[%emt 0:00:25]} Rd6 {[%emt 0:01:12]} 27. Ne5 {[%emt 0:00:01]} Rf8 {[%emt 0:00:21]} 28. Re1 {[%emt 0:00:56]} Be6 {[%emt 0:00:39]} 29. Rc5 {[%emt 0:00:52]} Rd1 {[%emt 0:01:08]} 30. Rxd1 {[%emt 0:00:25]} Bxc5 {[%emt 0:00:06]} 0-1